Olivia Rodrigo GUTS Tour Setlist - Statistics

General Stats
  • This quiz has been taken 32 times
  • The average score is 19 of 23
Answer Stats
Answer % Correct
traitor
100%
good 4 u
95%
making the bed
95%
vampire
95%
bad idea right?
89%
deja vu
89%
drivers license
89%
get him back!
89%
lacy
89%
obsessed
89%
so american
89%
brutal
84%
happier
84%
pretty isn’t pretty
84%
all american b****
79%
ballad of a homeschooled girl
79%
enough for you
79%
jealousy, jealousy
79%
teenage dream
79%
the grudge
79%
logical
74%
favorite crime
68%
love is embarrassing
63%
No matching quizzes found
Score Distribution
Percent of People with Each Score
Percentile by Number Answered
Your Score History
You have not taken this quiz